00530nam a2200157 a 450000100060000000300090000600800410001504000280005608200190008410000390010324500300014226000330017230000070020550501130021265000470032522369CO-ViMGA141112s2004 ck r 000 u spa d aCO-ViMGAbspacCO-ViMGA04a372.35 M856l 31 aMuñoz Melendez, Claudia Patricia10aAmigos de la Naturaleza 3 aBogotá : bSantillana 2006 a79 aLos seres vivos 4 - 16 - - El ser humano 18 - 30 - - Los recursos naturales 32 - 42 - - la materia 44 - 54 14aCIENCIAS NATURALES - ENSEÑANZA ELEMENTAL